000 00742nam a22002172 4500
001 0000023453
005 20151217152241.0
008 121204s xx 000 0 eng d
020 _a0830818510 :
040 _aKABU
_cKABU
245 1 0 _aPhilosophers who believe :
_bthe spiritual journeys of 11 leading thinkers /
_cedited by Kelly James Clark.
250 _a1st ed.
260 _aDowners Grove, IL. :
_bIV Press,
_c1993.
300 _a284 p.
650 0 _aChristian philosophers
_xBiography.
_@0000182852
650 0 _aChristianity
_xHistory
_xPhilosophy.
_y20th century.
_@0000182853
700 1 _aClark, Kelly James.
_@0000182854
852 1 _9p500 KES
908 _a121204
950 _@1
999 _c9825
_d9825